[Event "Campeonato Brasileiro Amador 2015"]
[Site "Esporte Clube Pinheiros, SÃ£o P"]
[Date "2015.05.03"]
[Round "7.2"]
[White "Pereira, Geanfrancesco"]
[Black "Coutinho, Sidnei Bissacot"]
[Result "1/2-1/2"]
[WhiteElo "2014"]
[BlackElo "2078"]
[PlyCount "103"]
[EventDate "2015.04.30"]

1. e4 c5 2. Nf3 d6 3. d4 cxd4 4. Nxd4 Nf6 5. Nc3 g6 6. f4 Nc6 7. Nxc6 bxc6 8.
e5 dxe5 9. Qxd8+ Kxd8 10. fxe5 Ng4 11. Bf4 Bg7 12. O-O-O+ Bd7 13. e6 fxe6 14.
Bc4 Ke8 15. Rxd7 Kxd7 16. Ne4 Be5 17. Rd1+ Kc7 18. Bd2 a5 19. Nc5 Bd6 20. Nxe6+
Kb7 21. Be2 Nxh2 22. c4 c5 23. Bh6 Rhg8 24. Ng5 Kb6 25. Ne4 Rad8 26. Rh1 Be5
27. Be3 h5 28. Nxc5 Kc6 29. Nd3 Rxd3 30. Bxd3 Ng4 31. Be4+ Kc7 32. Bd2 Kb6 33.
Rh3 a4 34. Ra3 Rc8 35. Bf3 Rd8 36. Rxa4 Kc5 37. Ra5+ Kxc4 38. Bxg4 Bxb2+ 39.
Kc2 Rxd2+ 40. Kxd2 Bc3+ 41. Ke3 Bxa5 42. Be6+ Kc5 43. Bf7 g5 44. Bxh5 Kd5 45.
Bf7+ Ke5 46. g4 Bb4 47. Bc4 Ba3 48. Bb3 Bc5+ 49. Kf3 Kd4 50. Be6 Ba3 51. Bd7 e5
52. Bc6 1/2-1/2

[Event "Campeonato Brasileiro Amador 2015"]
[Site "Esporte Clube Pinheiros, SÃ£o P"]
[Date "2015.05.03"]
[Round "7.3"]
[White "Dias, Joao Batista"]
[Black "Pinto, Rendrex Lopes"]
[Result "0-1"]
[WhiteElo "1824"]
[BlackElo "2072"]
[PlyCount "64"]
[EventDate "2015.04.30"]

1. e4 e6 2. d4 d5 3. Nc3 Bb4 4. a3 Bxc3+ 5. bxc3 dxe4 6. Qg4 Nf6 7. Qxg7 Rg8 8.
Qh6 c5 9. Bb2 Nc6 10. O-O-O Rg6 11. Qd2 cxd4 12. cxd4 Bd7 13. Ne2 Rc8 14. Nf4
Rg4 15. f3 Na5 16. Kb1 e3 17. Qxe3 Qc7 18. fxg4 Qxc2+ 19. Ka2 Qxd1 20. g5 Ne4
21. Bb5 Qxh1 22. Bxd7+ Kxd7 23. Qxe4 Qf1 24. Nd3 Qf5 25. Ne5+ Ke8 26. Qe2 Nc4
27. g4 Qxg5 28. Qf3 Nxe5 29. Qxb7 Qd8 30. dxe5 Qd5+ 31. Qxd5 exd5 32. Kb3 Kd7
0-1

[Event "Campeonato Brasileiro Amador 2015"]
[Site "Esporte Clube Pinheiros, SÃ£o P"]
[Date "2015.05.03"]
[Round "7.4"]
[White "Franca, Willian Bento"]
[Black "Awoki, Daniel Teidi"]
[Result "0-1"]
[WhiteElo "2061"]
[BlackElo "1993"]
[PlyCount "130"]
[EventDate "2015.04.30"]

1. b3 e5 2. Bb2 d6 3. g3 Nf6 4. Bg2 c6 5. d4 Nbd7 6. c4 Be7 7. Nf3 e4 8. Nfd2
d5 9. e3 O-O 10. Ba3 Bxa3 11. Nxa3 Re8 12. Qc2 Qa5 13. Qb2 Nf8 14. b4 Qd8 15.
h3 Be6 16. cxd5 cxd5 17. O-O Qd7 18. Kh2 Rac8 19. Rac1 Rxc1 20. Rxc1 Rc8 21.
Nb3 Rxc1 22. Nxc1 Ne8 23. Qc3 Nd6 24. Nb3 b6 25. Bf1 Ng6 26. b5 h5 27. Qc6 Qxc6
28. bxc6 Ne7 29. Nb5 Nxb5 30. Bxb5 Bc8 31. c7 a6 32. Be2 g6 33. g4 h4 34. a4
Kf8 35. a5 b5 36. g5 Nc6 37. Nc5 b4 38. f3 Ke7 39. fxe4 dxe4 40. d5 Na7 41. Bc4
Kd6 42. Nxe4+ Kxc7 43. d6+ Kc6 44. Bxf7 Bf5 45. Nd2 Kxd6 46. e4 Be6 47. Bxg6
Nc6 48. e5+ Nxe5 49. Bc2 Bf7 50. Kg2 Kc5 51. Nf3 Nxf3 52. Kxf3 Be6 53. Ke4 Bxh3
54. Ke5 Bf1 55. Bb3 Bd3 56. Be6 Bh7 57. Kf4 Kb5 58. Kg4 Kxa5 59. Bb3 Kb5 60.
Kxh4 Bg6 61. Kg3 a5 62. Kf3 a4 63. Be6 b3 64. Ke3 b2 65. Ba2 Kb4 0-1

[Event "Campeonato Brasileiro Amador 2015"]
[Site "Esporte Clube Pinheiros, SÃ£o P"]
[Date "2015.05.03"]
[Round "7.5"]
[White "Da Silva Junior, Sediney Mari"]
[Black "Fonseca, Luis Ernesto Serra A"]
[Result "0-1"]
[WhiteElo "1970"]
[BlackElo "2038"]
[PlyCount "102"]
[EventDate "2015.04.30"]

1. e4 c5 2. c3 g6 3. d4 cxd4 4. cxd4 d5 5. exd5 Nf6 6. Nc3 Nxd5 7. Bc4 Nxc3 8.
Qb3 e6 9. bxc3 Bd6 10. Nf3 Nc6 11. Bh6 Bd7 12. Qd1 Na5 13. Bd3 Bc6 14. Qd2 Qe7
15. Qe2 Rc8 16. Rc1 a6 17. Bd2 b5 18. h4 h5 19. Kf1 Bd5 20. Ne5 Nc4 21. Nxc4
Rxc4 22. Rc2 Qb7 23. f3 Qc6 24. Kf2 Ra4 25. Bg5 Kd7 26. Rhc1 Rc8 27. Bf6 Bc4
28. Be5 Be7 29. g3 Qd5 30. Ra1 Ba3 31. Bf4 Bxd3 32. Qxd3 Rac4 33. Bc1 Bb4 34.
Bb2 Ba5 35. a3 Bb6 36. Re1 Bxd4+ 37. Kg2 Bf6 38. Qe2 Qc6 39. Qd3+ Ke8 40. Re3
Kf8 41. Re4 Rxe4 42. fxe4 Rd8 43. Qf3 Be5 44. Rf2 Rd7 45. g4 hxg4 46. Qxg4 Qc5
47. Qg5 Rd3 48. Kf1 Qc4 49. Re2 Rf3+ 50. Ke1 Bg3+ 51. Kd1 Rf1+ 0-1

[Event "Campeonato Brasileiro Amador 2015"]
[Site "Esporte Clube Pinheiros, São "]
[Date "2015.05.03"]
[Round "7.6"]
[White "Lopes, Marcelo Ferreira"]
[Black "Campos, Igor Ribeiro"]
[Result "1/2-1/2"]
[WhiteElo "2004"]
[BlackElo "2182"]
[PlyCount "20"]
[EventDate "2015.04.30"]

1. e4 e6 2. d4 d5 3. Nc3 Nf6 4. Bg5 Be7 5. e5 Nfd7 6. Bxe7 Qxe7 7. f4 a6 8. Nf3
c5 9. dxc5 Nxc5 10. Bd3 Nc6 1/2-1/2

[Event "Campeonato Brasileiro Amador 2015"]
[Site "Esporte Clube Pinheiros, SÃ£o P"]
[Date "2015.05.03"]
[Round "7.7"]
[White "Nery Junior, Jose Antonio"]
[Black "Miquelin, Nicolas Seoane"]
[Result "1-0"]
[WhiteElo "2151"]
[BlackElo "2000"]
[PlyCount "29"]
[EventDate "2015.04.30"]

1. e4 Nf6 2. e5 Nd5 3. Nc3 Nxc3 4. dxc3 d5 5. Nf3 g6 6. Bd3 Bg7 7. Bf4 c5 8.
Qd2 Nc6 9. h3 e6 10. Bh6 Bxh6 11. Qxh6 Kd7 12. O-O-O Qf8 13. Qf4 b6 14. c4 dxc4
15. Be4+ 1-0

[Event "Campeonato Brasileiro Amador 2015"]
[Site "Esporte Clube Pinheiros, SÃ£o P"]
[Date "2015.05.03"]
[Round "7.8"]
[White "Ribeiro, Marcos Willian De So"]
[Black "De Moura, Sergio Jovelino"]
[Result "1-0"]
[WhiteElo "1948"]
[BlackElo "2147"]
[PlyCount "65"]
[EventDate "2015.04.30"]

1. e4 c5 2. Nc3 Nc6 3. f4 g6 4. Nf3 Bg7 5. Bb5 Nd4 6. O-O Nxb5 7. Nxb5 d6 8.
Qe2 a6 9. Nc3 Nh6 10. d3 O-O 11. h3 b5 12. g4 f6 13. f5 gxf5 14. gxf5 b4 15.
Nd5 e6 16. fxe6 Bxe6 17. Nf4 Bf7 18. Be3 f5 19. Ng2 fxe4 20. dxe4 Bh5 21. Nf4
Bxf3 22. Rxf3 Qe7 23. Nh5 Kh8 24. Nxg7 Qxg7+ 25. Kh1 Rxf3 26. Qxf3 Rf8 27. Qh5
Nf7 28. Rf1 Ne5 29. Rg1 Qf7 30. Qh6 Ng6 31. Rxg6 Qf3+ 32. Kh2 Qe2+ 33. Rg2 1-0

[Event "Campeonato Brasileiro Amador 2015"]
[Site "Esporte Clube Pinheiros, SÃ£o P"]
[Date "2015.05.03"]
[Round "7.9"]
[White "Gomez, Gustavo Pizzocaro"]
[Black "Duailibe, Ricardo Miguel"]
[Result "1-0"]
[WhiteElo "2135"]
[BlackElo "1922"]
[PlyCount "37"]
[EventDate "2015.04.30"]

1. d4 Nf6 2. Nf3 g6 3. c4 Bg7 4. Nc3 O-O 5. g3 d6 6. Bg2 Nbd7 7. O-O e5 8. e4
Re8 9. Re1 c6 10. d5 cxd5 11. cxd5 a5 12. Nd2 Nc5 13. Nc4 Bf8 14. Nb5 b6 15.
Bg5 Rb8 16. Qf3 Qd7 17. Nbxd6 Bxd6 18. Qxf6 Bf8 19. Nxe5 1-0

[Event "Campeonato Brasileiro Amador 2015"]
[Site "Esporte Clube Pinheiros, São "]
[Date "2015.05.03"]
[Round "7.10"]
[White "Almeida Junior, Alvaro Alves D"]
[Black "Brandao, Renan Alves"]
[Result "0-1"]
[WhiteElo "1906"]
[BlackElo "2113"]
[PlyCount "112"]
[EventDate "2015.04.30"]

1. e4 c5 2. Nf3 Nc6 3. d4 cxd4 4. Nxd4 e5 5. Nb5 d6 6. N1c3 a6 7. Na3 b5 8. Nd5
Nge7 9. c4 Nd4 10. Be3 Nxd5 11. cxd5 Be7 12. Nc2 Nxc2+ 13. Qxc2 O-O 14. Bd3 Bg5
15. Qd2 Bxe3 16. Qxe3 Bd7 17. O-O Qa5 18. a3 Rfc8 19. b4 Qd8 20. Rac1 Kf8 21.
f4 Rxc1 22. Rxc1 exf4 23. Qxf4 Qb6+ 24. Qf2 Qxf2+ 25. Kxf2 Ra7 26. Ke3 Ke7 27.
Kd4 f6 28. Rc3 Kd8 29. Be2 a5 30. bxa5 Rxa5 31. Rb3 Kc7 32. Bd3 Kb6 33. Be2 Ra7
34. h4 Ra4+ 35. Ke3 f5 36. exf5 Rxh4 37. g4 h5 38. Kf4 hxg4 39. Bxg4 Kc5 40.
Rc3+ Kb6 41. Rh3 Rxh3 42. Bxh3 Be8 43. Bg4 Kc5 44. Bf3 Bf7 45. Kg5 Bxd5 46. Bh5
Be4 47. Bg4 Kd5 48. Kg6 Ke5 49. Kxg7 Bxf5 50. Be2 Bd7 51. Kf7 Be6+ 52. Kg6 Bc4
53. Bd1 d5 54. Kg5 Ke4 55. Kg4 d4 56. Kg3 Ke3 0-1

[Event "Campeonato Brasileiro Amador 2015"]
[Site "Esporte Clube Pinheiros, SÃ£o P"]
[Date "2015.05.03"]
[Round "7.11"]
[White "Schutt, Ricardo De Amorim"]
[Black "Ikejiri, Daniel Yoshito"]
[Result "1/2-1/2"]
[WhiteElo "2111"]
[BlackElo "1881"]
[PlyCount "46"]
[EventDate "2015.04.30"]

1. e4 c5 2. Nf3 Nc6 3. Nc3 d6 4. d4 cxd4 5. Nxd4 e5 6. Ndb5 Nf6 7. Bg5 a6 8.
Na3 b5 9. Nd5 Be7 10. Nxe7 Nxe7 11. Bxf6 gxf6 12. Qd2 Be6 13. c4 bxc4 14. Bxc4
Bxc4 15. Nxc4 d5 16. exd5 Qxd5 17. Qxd5 Nxd5 18. O-O Ke7 19. Rfd1 Rhd8 20. g3
Nb4 21. a3 Nc2 22. Rac1 Rxd1+ 23. Rxd1 Nd4 1/2-1/2

[Event "Campeonato Brasileiro Amador 2015"]
[Site "Esporte Clube Pinheiros, SÃ£o P"]
[Date "2015.05.03"]
[Round "7.13"]
[White "Frois, Vitor Amorim"]
[Black "Siqueira Gomes, Gustavo"]
[Result "1-0"]
[WhiteElo "1735"]
[BlackElo "2045"]
[PlyCount "65"]
[EventDate "2015.04.30"]

1. e4 c6 2. d4 d5 3. Nc3 dxe4 4. Nxe4 Nf6 5. Ng3 h5 6. Bc4 h4 7. N3e2 h3 8. g3
Bg4 9. f3 Bf5 10. Bf4 e6 11. Qd2 Nbd7 12. Nc3 Nb6 13. Bb3 Nbd5 14. Nxd5 Nxd5
15. Ne2 Bb4 16. c3 Be7 17. Be3 a5 18. a3 Nxe3 19. Qxe3 Qb6 20. Ba2 Qxb2 21. O-O
Qb6 22. g4 Bh7 23. Ng3 O-O-O 24. Ne4 Qb2 25. Nf2 Bd6 26. Bc4 Qc2 27. Rab1 g5
28. d5 exd5 29. Qb6 Bc7 30. Qxb7+ Kd7 31. Rb6 Qa4 32. Rxc6 Rc8 33. Bb5 1-0

[Event "Campeonato Brasileiro Amador 2015"]
[Site "Esporte Clube Pinheiros, SÃ£o P"]
[Date "2015.05.03"]
[Round "7.14"]
[White "Nunes Jr, Sidney"]
[Black "Vescovi, Katherine Lemos"]
[Result "1/2-1/2"]
[WhiteElo "2044"]
[BlackElo "1865"]
[PlyCount "75"]
[EventDate "2015.04.30"]

1. d4 Nf6 2. Bg5 Ne4 3. Bf4 d5 4. Nf3 g6 5. Nbd2 Bg7 6. e3 c5 7. Bd3 Nxd2 8.
Qxd2 O-O 9. c3 Nd7 10. O-O b6 11. e4 dxe4 12. Bxe4 Ba6 13. Bxa8 Bxf1 14. Bb7
Bc4 15. b3 Be6 16. Bh6 Qc7 17. Bxg7 Kxg7 18. Ba6 Nf6 19. Rd1 Rd8 20. h3 Bf5 21.
Bd3 Be4 22. Bxe4 Nxe4 23. Qe3 Nf6 24. c4 cxd4 25. Rxd4 Rxd4 26. Qxd4 Qd7 27.
Kf1 Qf5 28. Qb2 Qd3+ 29. Kg1 Kf8 30. Qd2 Qxd2 31. Nxd2 e5 32. g4 h6 33. f3 Ke7
34. Kf2 Nd7 35. b4 f5 36. Ke3 Ke6 37. Nb3 Nf6 38. a4 1/2-1/2

[Event "Campeonato Brasileiro Amador 2015"]
[Site "Esporte Clube Pinheiros, SÃ£o P"]
[Date "2015.05.03"]
[Round "7.15"]
[White "Pomar, Marcelo Nascimento"]
[Black "Dias, Marcelo De Souza"]
[Result "1-0"]
[WhiteElo "2024"]
[BlackElo "1816"]
[PlyCount "63"]
[EventDate "2015.04.30"]

1. e4 g6 2. d4 Bg7 3. f4 c5 4. Nf3 cxd4 5. Nxd4 Nc6 6. Nxc6 bxc6 7. Nc3 Qa5 8.
Qf3 Bxc3+ 9. bxc3 Nf6 10. Bd2 O-O 11. Bd3 Qb6 12. c4 d6 13. h3 d5 14. cxd5 cxd5
15. e5 Ne4 16. Bxe4 dxe4 17. Qf2 Qb2 18. O-O Qxc2 19. Rfc1 Qa4 20. Rc7 e6 21.
Qc5 Ba6 22. Be3 Bd3 23. Qe7 Qe8 24. Qf6 h6 25. f5 Qd8 26. Re7 g5 27. Qxh6 exf5
28. Qxg5+ Kh7 29. Qxf5+ Kg7 30. Qf6+ Kh7 31. e6 Qd6 32. Qh6+ 1-0

[Event "Campeonato Brasileiro Amador 2015"]
[Site "Esporte Clube Pinheiros, SÃ£o P"]
[Date "2015.05.03"]
[Round "7.16"]
[White "Queiroz, Alberto Becker"]
[Black "Felix, Raimundo Nascimento"]
[Result "1/2-1/2"]
[WhiteElo "2164"]
[BlackElo "1905"]
[PlyCount "159"]
[EventDate "2015.04.30"]

1. e4 e5 2. f4 exf4 3. Nf3 d6 4. Nc3 Nf6 5. d4 Be7 6. Bxf4 Nc6 7. Qd2 Bg4 8.
O-O-O O-O 9. h3 Bh5 10. Re1 Re8 11. g4 Bg6 12. h4 h5 13. g5 Nd7 14. Bh3 Nb6 15.
Bf5 Bf8 16. Bxg6 fxg6 17. Qd3 Qd7 18. Rhf1 Qf7 19. d5 Qxf4+ 20. Nd2 Qe5 21.
dxc6 bxc6 22. Ne2 Rab8 23. Nf3 Qa5 24. Nc3 Kh7 25. Nd4 Qc5 26. Rf7 Re7 27. Ref1
Rxf7 28. Rxf7 Nc4 29. Nb3 Qg1+ 30. Rf1 Qe3+ 31. Kb1 Qxd3 32. cxd3 Ne3 33. Rf7
Rc8 34. Nd4 Kg8 35. Rf3 Ng4 36. Nxc6 Ne5 37. Nxe5 dxe5 38. Na4 Bb4 39. Nc3 Rf8
40. Rxf8+ Kxf8 41. Kc2 Bc5 42. Nd1 Ke7 43. Kc3 Kd6 44. Kc4 c6 45. b4 Bd4 46.
Kb3 Kc7 47. a3 Kb6 48. Kc4 a6 49. Kb3 Bg1 50. Kc3 Kb5 51. Kb3 Kb6 52. Kc2 Bd4
53. Kd2 a5 54. bxa5+ Kxa5 55. Ne3 Ka4 56. Ke2 Bb2 57. Nc4 Bd4 58. Nd6 Bc5 59.
Ne8 Bf8 60. Nc7 Bxa3 61. Ne6 Kb5 62. Nxg7 Be7 63. Ne6 Kb6 64. Ke3 c5 65. Ng7
Kc6 66. Ne8 Kd7 67. Ng7 Bf8 68. Nf5 gxf5 69. exf5 Ke7 70. Ke4 Kd6 71. f6 Ke6
72. Kf3 Kf5 73. Ke3 Ke6 74. Kf3 Bd6 75. Ke3 Kf5 76. Kf3 e4+ 77. dxe4+ Ke5 78.
Ke3 c4 79. Kd2 Bb4+ 80. Kc2 1/2-1/2

[Event "Campeonato Brasileiro Amador 2015"]
[Site "Esporte Clube Pinheiros, SÃ£o P"]
[Date "2015.05.03"]
[Round "7.17"]
[White "Maia, Jonathan Cesar"]
[Black "Bruce, Shannon Hill"]
[Result "0-1"]
[WhiteElo "1940"]
[BlackElo "2111"]
[PlyCount "102"]
[EventDate "2015.04.30"]

1. Nf3 d6 2. d4 Bg4 3. e3 Nf6 4. h3 Bh5 5. Be2 Nbd7 6. c4 e5 7. Nc3 c6 8. b3
Qa5 9. Bd2 Qc7 10. g4 Bg6 11. g5 Ne4 12. h4 Nxd2 13. Nxd2 Qa5 14. h5 exd4 15.
hxg6 dxc3 16. Rxh7 cxd2+ 17. Qxd2 Qxd2+ 18. Kxd2 Rg8 19. gxf7+ Kxf7 20. Bh5+
Ke7 21. f4 d5 22. f5 Kd6 23. Bf7 Be7 24. Bxg8 Rxg8 25. cxd5 cxd5 26. Rh5 Nc5
27. Rg1 Ne4+ 28. Ke2 Rf8 29. f6 gxf6 30. g6 Ng5 31. Rd1 Ke6 32. Rh4 Ne4 33. Rg1
f5 34. g7 Rg8 35. Rh8 Kf7 36. Rxg8 Kxg8 37. Kf3 Ng5+ 38. Ke2 Kxg7 39. Rd1 Ne4
40. Kf3 Nf6 41. Kf4 Kg6 42. Rg1+ Ng4 43. Rc1 Kf6 44. Kf3 Bd6 45. Rc8 b6 46. Rd8
Ke6 47. Ra8 a5 48. Re8+ Be7 49. Rh8 Bc5 50. Rh7 Ke5 51. Rh8 Nxe3 0-1

[Event "Campeonato Brasileiro Amador 2015"]
[Site "Esporte Clube Pinheiros, São "]
[Date "2015.05.03"]
[Round "7.18"]
[White "Lisboa Torres, Eduardo"]
[Black "Silva, Lucas Henrique Da"]
[Result "0-1"]
[WhiteElo "1941"]
[BlackElo "2100"]
[PlyCount "90"]
[EventDate "2015.04.30"]

1. d4 Nf6 2. c4 e6 3. Nc3 Bb4 4. e3 c5 5. Nge2 cxd4 6. exd4 d5 7. a3 Be7 8. Nf4
O-O 9. cxd5 exd5 10. Be2 Nc6 11. O-O Be6 12. Nxe6 fxe6 13. b4 Rc8 14. Na4 Bd6
15. Nc5 Qe7 16. Bb2 Rce8 17. f4 Qc7 18. g3 b6 19. Nd3 Ne7 20. Rc1 Qb7 21. Ne5
Nf5 22. Qd3 Ne4 23. Bf3 Rc8 24. b5 Bxe5 25. fxe5 Ng5 26. Bg2 Rf7 27. Rxc8+ Qxc8
28. Rc1 Rc7 29. Rxc7 Qxc7 30. Qc3 Qe7 31. a4 Ne4 32. Bxe4 dxe4 33. d5 exd5 34.
Ba3 Qe6 35. Qc7 e3 36. Qb8+ Kf7 37. Qxa7+ Kg6 38. Qc7 Kh5 39. Qc3 d4 40. Qc6
Qxc6 41. bxc6 d3 42. Kf1 Nd4 43. g4+ Kh4 44. Be7+ g5 45. Ke1 Nf3+ 0-1

[Event "Campeonato Brasileiro Amador 2015"]
[Site "Esporte Clube Pinheiros, SÃ£o P"]
[Date "2015.05.03"]
[Round "7.19"]
[White "Silva, Igor Dos Santos"]
[Black "Ueti, Silvio Shigueo"]
[Result "0-1"]
[WhiteElo "1912"]
[BlackElo "2075"]
[PlyCount "52"]
[EventDate "2015.04.30"]

1. d4 Nf6 2. c4 c5 3. d5 e6 4. Nc3 exd5 5. cxd5 d6 6. Nf3 g6 7. g3 Bg7 8. Bg2
O-O 9. O-O Re8 10. Nd2 a6 11. a4 Nbd7 12. Rb1 Qc7 13. Qc2 Rb8 14. b4 b5 15.
axb5 axb5 16. bxc5 Qxc5 17. Qb3 Ba6 18. Ba3 Qb6 19. Bb4 Nc5 20. Qa3 h5 21. Bf3
g5 22. Rfc1 h4 23. Bxc5 dxc5 24. Na4 Qa5 25. Qxc5 Qxd2 26. Nb2 Rbc8 0-1

[Event "Campeonato Brasileiro Amador 2015"]
[Site "Esporte Clube Pinheiros, São "]
[Date "2015.05.03"]
[Round "7.21"]
[White "Caris, Eduardo"]
[Black "Lima, Eduardo Augusto Fab"]
[Result "1/2-1/2"]
[WhiteElo "1813"]
[BlackElo "1975"]
[PlyCount "59"]
[EventDate "2015.04.30"]

1. c4 c5 2. g3 Nc6 3. Bg2 g6 4. Nc3 Bg7 5. d3 Nf6 6. Nf3 O-O 7. O-O d6 8. Bd2
e6 9. Qc1 a6 10. Bh6 Rb8 11. Bxg7 Kxg7 12. a4 b6 13. b3 d5 14. Qf4 Bb7 15. Rfd1
Na5 16. Rab1 d4 17. Ne4 Nxe4 18. dxe4 Qf6 19. Qxf6+ Kxf6 20. e5+ Kg7 21. Ng5
Bxg2 22. Kxg2 Nc6 23. f4 Rfd8 24. Ne4 Nb4 25. Rd2 Nc6 26. Rbd1 h6 27. Kf3 Ra8
28. h3 Rab8 29. Rd3 Nb4 30. R3d2 1/2-1/2

[Event "Campeonato Brasileiro Amador 2015"]
[Site "Esporte Clube Pinheiros, São "]
[Date "2015.05.03"]
[Round "7.24"]
[White "Silva, Janderson Rossi Da"]
[Black "Peixoto, Helio Ricardo Souti"]
[Result "1/2-1/2"]
[WhiteElo "1810"]
[BlackElo "1943"]
[PlyCount "71"]
[EventDate "2015.04.30"]

1. b4 e5 2. Bb2 d6 3. e3 Nf6 4. Nf3 Be7 5. c4 O-O 6. Be2 Bf5 7. O-O Nbd7 8. d3
a5 9. a3 axb4 10. axb4 Rxa1 11. Bxa1 Qa8 12. Nbd2 Qa3 13. Qb3 Ra8 14. Rb1 e4
15. Nh4 Qxb3 16. Nxb3 Be6 17. dxe4 Nxe4 18. Nf3 Ra4 19. Nbd4 Bg4 20. Bd1 Ra8
21. Nb5 c6 22. Nbd4 Bf6 23. Nc2 Nc3 24. Bxc3 Bxc3 25. Rb3 Bf6 26. Ra3 Rxa3 27.
Nxa3 Ne5 28. Be2 Nxf3+ 29. Bxf3 Bxf3 30. gxf3 Bb2 31. Nc2 Kf8 32. Kf1 Ke7 33.
Ke2 Ke6 34. Kd3 Ke5 35. f4+ Kf5 36. f3 1/2-1/2

[Event "Campeonato Brasileiro Amador 2015"]
[Site "Esporte Clube Pinheiros, SÃ£o P"]
[Date "2015.05.03"]
[Round "7.25"]
[White "Rocha, Arthur Ferreira"]
[Black "De Almeida, Guilherme Pereira"]
[Result "1-0"]
[WhiteElo "1943"]
[BlackElo "1815"]
[PlyCount "73"]
[EventDate "2015.04.30"]

1. e4 c5 2. Nf3 e6 3. d4 cxd4 4. Nxd4 a6 5. c4 Nf6 6. Nc3 Qc7 7. Be2 Be7 8. f4
d6 9. O-O b6 10. b3 Bb7 11. Qd3 Nbd7 12. b4 h5 13. Rb1 h4 14. Be3 Rc8 15. Rfc1
Qb8 16. a4 Qa8 17. Bf3 g5 18. fxg5 Ne5 19. Qc2 Nh7 20. g6 Nxg6 21. Bh5 Nhf8 22.
Bxg6 Nxg6 23. Nf3 Rxc4 24. Nd2 Rc8 25. b5 d5 26. bxa6 Bxa6 27. exd5 h3 28. Rxb6
Ne5 29. Qe4 Nc4 30. Nxc4 Bxc4 31. d6 Qa5 32. Qb7 O-O 33. dxe7 Rfe8 34. Qf3 Bd3
35. Bd4 Rxc3 36. Rxc3 e5 37. Qg4+ 1-0

[Event "Campeonato Brasileiro Amador 2015"]
[Site "Esporte Clube Pinheiros, São P"]
[Date "2015.05.03"]
[Round "7.26"]
[White "Luz, Arthur Nader"]
[Black "Pires Da Silva, Saulo De Tarso"]
[Result "1-0"]
[WhiteElo "2057"]
[BlackElo "1925"]
[PlyCount "93"]
[EventDate "2015.04.30"]

1. d4 Nf6 2. c4 g6 3. f3 d5 4. cxd5 Nxd5 5. e4 Nb6 6. Nc3 Bg7 7. Be3 O-O 8. Qd2
e5 9. d5 c6 10. Rd1 cxd5 11. exd5 Re8 12. h4 h5 13. Be2 N8d7 14. g4 Nf6 15. g5
Nfd7 16. Nh3 Bf8 17. Nf2 Nc5 18. Nfe4 Nxe4 19. Nxe4 Bg7 20. b4 Bf5 21. Kf2 Bxe4
22. fxe4 Rc8 23. Rc1 Qd7 24. Bc5 Rcd8 25. Qe3 Nc8 26. b5 b6 27. Bb4 Nd6 28. Rc6
Qe7 29. Rhc1 Bf8 30. Kg1 Rd7 31. Bf1 Qd8 32. Bh3 Rb7 33. Qe2 Be7 34. Kh2 Rf8
35. Bc3 f6 36. gxf6 Bxf6 37. Bb4 Be7 38. Rg1 Kh7 39. Qg2 Rf6 40. Bc3 Qf8 41.
Kh1 Qf7 42. Be6 Rxe6 43. dxe6 Qxe6 44. Bxe5 g5 45. Bxd6 Bxd6 46. e5 Qxe5 47.
Rxd6 1-0

[Event "Campeonato Brasileiro Amador 2015"]
[Site "Esporte Clube Pinheiros, São P"]
[Date "2015.05.03"]
[Round "7.27"]
[White "Tamarozi, Isabelle"]
[Black "Bonfim, Regina Rodrigues"]
[Result "1/2-1/2"]
[WhiteElo "1904"]
[BlackElo "2025"]
[PlyCount "105"]
[EventDate "2015.04.30"]

1. e4 c5 2. Nf3 d6 3. d4 cxd4 4. Nxd4 Nc6 5. Nc3 e5 6. Ndb5 a6 7. Na3 Nf6 8.
Bg5 Be7 9. Be2 O-O 10. O-O Be6 11. Nc4 Nd4 12. Ne3 Rc8 13. Bxf6 Bxf6 14. a4 g6
15. Rc1 Bg5 16. g3 Bxe3 17. fxe3 Nxe2+ 18. Qxe2 Bc4 19. Qg4 Bxf1 20. Rxf1 Rxc3
21. bxc3 Qc7 22. Rd1 f5 23. exf5 Rxf5 24. Qb4 Rf6 25. c4 Qf7 26. c5 Rf2 27. Qb3
dxc5 28. Qxf7+ Rxf7 29. Rd5 Rc7 30. c4 e4 31. Re5 Kf7 32. Rxe4 Kf6 33. Kf2 b5
34. cxb5 axb5 35. axb5 Rb7 36. Re8 Rxb5 37. h4 Rb1 38. Rc8 Rc1 39. Ke2 c4 40.
g4 c3 41. Kd3 Rh1 42. g5+ Ke5 43. Rc5+ Kd6 44. Rxc3 Rxh4 45. Rc4 Rh5 46. Rg4
Ke5 47. e4 Rh3+ 48. Kd2 Kd4 49. Ke2 Re3+ 50. Kf2 Rxe4 51. Rg1 Rh4 52. Kg3 Rh5
53. Kf4 1/2-1/2

[Event "Campeonato Brasileiro Amador 2015"]
[Site "Esporte Clube Pinheiros, São P"]
[Date "2015.05.03"]
[Round "7.28"]
[White "De Borba, Guilherme"]
[Black "Carstens Dobuchak, Thiago"]
[Result "1/2-1/2"]
[WhiteElo "1863"]
[BlackElo "2014"]
[PlyCount "75"]
[EventDate "2015.04.30"]

1. d4 Nf6 2. c4 g6 3. f3 Bg7 4. e4 d6 5. Nc3 O-O 6. Be3 c6 7. Qd2 a6 8. a4 a5
9. Bd3 Na6 10. Nge2 e5 11. d5 Nd7 12. O-O Ndc5 13. Nc1 Qe7 14. Bc2 f5 15. Nd3
Nxd3 16. Bxd3 f4 17. Bf2 g5 18. Na2 Rf6 19. Bb6 Rh6 20. h3 Qe8 21. Kf2 Bd7 22.
b3 Nc5 23. Bc2 Qh5 24. Bxa5 Qh4+ 25. Ke2 Bxh3 26. gxh3 Qxh3 27. Bb4 Qg3 28.
Bxc5 dxc5 29. Rf2 g4 30. Qd3 Rf8 31. Raf1 Rh3 32. d6 Rd8 33. b4 b6 34. b5 cxb5
35. cxb5 gxf3+ 36. Rxf3 Qg4 37. Nc3 Rh6 38. Bb3+ 1/2-1/2

[Event "Campeonato Brasileiro Amador 2015"]
[Site "Esporte Clube Pinheiros, São P"]
[Date "2015.05.03"]
[Round "7.29"]
[White "Tomic, Marco Di Pillo"]
[Black "Medeiros, Thauane Ferreira"]
[Result "1-0"]
[WhiteElo "2000"]
[BlackElo "1911"]
[PlyCount "61"]
[EventDate "2015.04.30"]

1. d4 d5 2. c4 e6 3. Nc3 Nf6 4. Bg5 Be7 5. Nf3 c6 6. e3 Nbd7 7. cxd5 exd5 8.
Bd3 O-O 9. O-O Re8 10. Rc1 Ne4 11. Bxe7 Qxe7 12. Qc2 f5 13. a3 a5 14. g3 g5 15.
Rfe1 h5 16. h4 Ndf6 17. Bxe4 fxe4 18. Nxg5 Bg4 19. Ne2 Nh7 20. Nxh7 Kxh7 21.
Nf4 Rg8 22. Qc5 Qg7 23. b4 axb4 24. axb4 Bf5 25. Nxh5 Qf7 26. Nf4 Qf6 27. Qb6
Bc8 28. Qc7+ Rg7 29. Nh5 Rxc7 30. Nxf6+ Kg6 31. Nxd5 1-0

[Event "Campeonato Brasileiro Amador 2015"]
[Site "Esporte Clube Pinheiros, São P"]
[Date "2015.05.03"]
[Round "7.30"]
[White "Karoly, Carlos Acacio Gomes"]
[Black "Budde, Vinicius Chemale"]
[Result "1/2-1/2"]
[WhiteElo "1853"]
[BlackElo "1988"]
[PlyCount "29"]
[EventDate "2015.04.30"]

1. e4 c5 2. Nf3 d6 3. d4 cxd4 4. Nxd4 Nf6 5. Nc3 e5 6. Nb3 Be7 7. Be2 Be6 8.
Be3 O-O 9. O-O a6 10. f3 Nbd7 11. Qd2 Qc7 12. Rfd1 Rfd8 13. Kh1 Rac8 14. Rac1
Kh8 15. Bf1 1/2-1/2

[Event "Campeonato Brasileiro Amador 2015"]
[Site "Esporte Clube Pinheiros, São P"]
[Date "2015.05.03"]
[Round "7.31"]
[White "Pedroso, Andre Lucio"]
[Black "Tacconi Da Silva, Lucas"]
[Result "0-1"]
[WhiteElo "1850"]
[BlackElo "1979"]
[PlyCount "70"]
[EventDate "2015.04.30"]

1. d4 d5 2. Bg5 f6 3. Bf4 Bf5 4. e3 e6 5. Bd3 Bxd3 6. Qxd3 c6 7. Nd2 Bd6 8.
Bxd6 Qxd6 9. Ngf3 f5 10. Ne5 Nf6 11. f4 O-O 12. O-O-O a5 13. h3 a4 14. g4 b5
15. gxf5 exf5 16. Qxf5 b4 17. Qd3 b3 18. cxb3 a3 19. Qc2 axb2+ 20. Qxb2 c5 21.
dxc5 Qxc5+ 22. Kb1 Qxe3 23. Rdf1 Na6 24. Rf3 Qa7 25. a3 Nc5 26. Ka2 Nfe4 27.
Nb1 Rf6 28. Rd1 Rd6 29. Qd4 Qb7 30. Nd2 Ne6 31. Qg1 Nxd2 32. Rxd2 Rda6 33. a4
Qb4 34. Rb2 Rxa4+ 35. bxa4 Qxa4+ 0-1